000 00575nam a2200277Ia 4500
005 20260401122134.0
008 008 250103s9999 xx 000 0 eng d
020 _a571143881
037 _aTB
040 _aEDL
040 _beng
040 _cEDL
041 _2eng
041 _aeng
084 _a616.89 POR
084 _qEDL
245 0 _aFaber Book of Madness
260 _aLondon
260 _bFaber and Faber
260 _c2003
300 _a572p
942 _cTB
942 _h616.89 POR
999 _c1845178
_d1845178